000 01909nam2a22002651 4500
001 rc\4379155
005 20250611163743.0
021 _aRU
_bРг5504-67
035 _a(NLR Aleph) 008289041
090 _a8564316
_c8564316
100 _a20130416d1966 |||y0rusy50 ca
101 0 _arus
102 _aRU
105 _aa z |||||
200 1 _aПрименение математических методов при разработке ИПС
_f[Сост. М.М. Дворин]
210 _cНауч.-исслед. ин-т техн.-экон. исследований
_d1966
_aБ. м.
215 _a220 с.
_cил.
_d21
320 _aБиблиогр.: с. 216-220
461 0 _1001rc\4379150
_12001#$aВопросы разработки механизированной информационно-поисковой системы для Центрального справочно-информационного фонда по химии и химической промышленности$e(Метод. пособие)$eВып. 1-$fГос. ком. хим. пром-сти при Госплане СССР. Науч.-исслед. ин-т технико-экон. исследований$vВып. 5
_98564287
_cМосква
_d1964
_fГос. ком. хим. пром-сти при Госплане СССР. Науч.-исслед. ин-т технико-экон. исследований
_nБ. и.
_o(Метод. пособие) : Вып. 1-
_tВопросы разработки механизированной информационно-поисковой системы для Центрального справочно-информационного фонда по химии и химической промышленности
_vВып. 5
702 1 _aДворин
_bМ.М.
_4220
801 0 _aRU
_bNLR
_gpsbo
801 1 _aRU
_bELAR
_2rusmarc
852 _aNLR
_jБ Б135/В748
942 _cBOOK
980 _aNB